logo

Bir Sreshtho Munshi Abdur Rouf Library
Jhenaidah Cadet College

শহীদুল্লা কায়সারের নির্বাচিত কলাম : (Record no. 9749)

MARC details
000 -LEADER
fixed length control field 00872nam a2200241 a 4500
001 - CONTROL NUMBER
JCCL Control Number 9749
003 - CONTROL NUMBER IDENTIFIER
JCCL marc code BD-JhCC
005 - DATE AND TIME OF LATEST TRANSACTION
control field 20180327093034.0
008 - FIXED-LENGTH DATA ELEMENTS--GENERAL INFORMATION
fixed length control field 180324s19941999bg |||| ||a| 000 0 b d
020 ## - INTERNATIONAL STANDARD BOOK NUMBER
International Standard Book Number 9844100348
035 ## - SYSTEM CONTROL NUMBER
system control number (BD-JhCC)9749
040 ## - CATALOGING SOURCE
Original cataloging agency BD-JhCC
Modifying agency BD-JhCC
041 ## - LANGUAGE CODE
Language code of Book ben
082 ## - DEWEY DECIMAL CLASSIFICATION NUMBER
Classification number 320.9
Author mark and Year KAY 1994
100 ## - MAIN ENTRY--PERSONAL NAME
Personal name কায়সার, শমী
245 ## - TITLE STATEMENT
Title শহীদুল্লা কায়সারের নির্বাচিত কলাম :
Remainder of title ঊনত্তর থেকে একাত্তর /
Statement of responsibility, etc শমী কায়সার, অমিতাভ কায়সার
260 ## - PUBLICATION, DISTRIBUTION, ETC. (IMPRINT)
Place of publication, distribution, etc ঢাকা:
Name of publisher, distributor, etc মাওলা ব্রাদার্স;
Date of publication, distribution, etc 1994.
300 ## - PHYSICAL DESCRIPTION
Pagination 155 p. :
Dimensions 21 cm.
651 ## - SUBJECT ADDED ENTRY--GEOGRAPHIC NAME
Geographic name Politices And Government
700 ## - ADDED ENTRY--PERSONAL NAME
Personal name কায়সার, অমিতাভ
942 ## - ADDED ENTRY ELEMENTS (KOHA)
Source of classification or shelving scheme Dewey Decimal Classification
Koha item type Books
Holdings
Source of classification or shelving scheme Damaged status Not for loan Home library Current library Shelving location Date of accession Cost, normal purchase price Total Checkouts Full call number Barcode Date last seen Copy number Koha item type
Dewey Decimal Classification     JCC Rouf Library JCC Rouf Library General Stacks 03/24/2018 100.00   320.9 KAY 1994 12329 03/24/2018 C - 1 Books

JCC Library | Contacts | JCC Home

Last Update on 23 September 2017
Copyright @ 2017-2020 JCC Rouf Library
Rouf Library, Jhenidah Cadet College (JCC), Bangladesh